Sexualité et voix (notice n° 1630088)
[ vue normale ]
| 000 -LEADER | |
|---|---|
| fixed length control field | 00914cam a2200229 4500500 |
| 005 - DATE AND TIME OF LATEST TRANSACTION | |
| control field | 20260111103255.0 |
| 041 ## - LANGUAGE CODE | |
| Language code of text/sound track or separate title | fre |
| 042 ## - AUTHENTICATION CODE | |
| Authentication code | dc |
| 100 10 - MAIN ENTRY--PERSONAL NAME | |
| Personal name | Aguilera, Delphine |
| Relator term | author |
| 245 00 - TITLE STATEMENT | |
| Title | Sexualité et voix |
| 260 ## - PUBLICATION, DISTRIBUTION, ETC. | |
| Date of publication, distribution, etc. | 2008.<br/> |
| 500 ## - GENERAL NOTE | |
| General note | 6 |
| 520 ## - SUMMARY, ETC. | |
| Summary, etc. | RésuméUne expérience menée en ITEP, réunissant préadolescents et éducateurs permet de mettre à nu la voix. Que nous dit-elle et comment ? À travers la pratique vocale, le corps s’exprime dans la parole, et donne de la sexualité par le son et dans le sens. Des imaginaires jaillissent portés par la Voix. |
| 690 ## - LOCAL SUBJECT ADDED ENTRY--TOPICAL TERM (OCLC, RLIN) | |
| Topical term or geographic name as entry element | adolescence |
| 690 ## - LOCAL SUBJECT ADDED ENTRY--TOPICAL TERM (OCLC, RLIN) | |
| Topical term or geographic name as entry element | chant |
| 690 ## - LOCAL SUBJECT ADDED ENTRY--TOPICAL TERM (OCLC, RLIN) | |
| Topical term or geographic name as entry element | corps |
| 690 ## - LOCAL SUBJECT ADDED ENTRY--TOPICAL TERM (OCLC, RLIN) | |
| Topical term or geographic name as entry element | imaginaire |
| 690 ## - LOCAL SUBJECT ADDED ENTRY--TOPICAL TERM (OCLC, RLIN) | |
| Topical term or geographic name as entry element | obscénité |
| 690 ## - LOCAL SUBJECT ADDED ENTRY--TOPICAL TERM (OCLC, RLIN) | |
| Topical term or geographic name as entry element | voix |
| 786 0# - DATA SOURCE ENTRY | |
| Note | Le Sociographe | 27 | 3 | 2008-09-01 | p. 23-30 | 1297-6628 |
| 856 41 - ELECTRONIC LOCATION AND ACCESS | |
| Uniform Resource Identifier | <a href="https://shs.cairn.info/revue-le-sociographe-2008-3-page-23?lang=fr&redirect-ssocas=7080">https://shs.cairn.info/revue-le-sociographe-2008-3-page-23?lang=fr&redirect-ssocas=7080</a> |
Pas d'exemplaire disponible.




Réseaux sociaux